• 首页
  • 本馆介绍
  • 公告通知
  • 最新文献
  • 馆藏检索
  • 电子资源
  • 读者导购
  • 参考咨询
  • 我的图书馆
  • 登录
  • 详细信息显示
  • 放入我的书架
  • 预约/预借图书
  • 作者相关作品
  • 分类相关作品
  • 丛书相关作品
  • 出版社相关作品

书目信息

  • 表格格式
  • 工作单格式
  • 卡片格式
题名:
慢性肺心病的防治
    
 
作者: ;中国医学科学院阜外医院 编写
分册:  
出版信息: 北京   人民卫生出版社  1975
页数: 298页
开本: 19cm
丛书名:
单 册:
中图分类: R541.5
科图分类:
主题词: 肺心病
电子资源:
ISBN: 14048.3468
000 00682nam0 2200229 450
001 0175003747
005 20100712215040.0
010    @a14048.3468@dCNY0.97
091    @a14048.3468
100    @a19951012d1975 em y0chiy0110 ea
101 0  @achi
102    @aCN@b110000
105    @ay z 000yy
106    @ar
200 1  @a慢性肺心病的防治@9Man Xing Fei Xin Bing De;Di Fang Zhi @f中国医学科学院阜外医院等编写
210    @a北京@c人民卫生出版社@d1975
215    @a298页@d19cm
606 0  @a肺心病
690    @aR541.5@v3
711 02 @a中国医学科学院阜外医院@9zhong guo yi xue ke xue yuan fu wai yi yuan@4编写
801  0 @aCN@b91MARC@c20130904
905    @aBZT@dR541.5@e6@f5@sR541.5/6
    
    慢性肺心病的防治/中国医学科学院阜外医院等编写.-北京:人民卫生出版社,1975
    298页;19cm
    
    
    ISBN 14048.3468:CNY0.97
    
●
相关链接 在五车中查询图书 在当当中查询图书 在豆瓣中查询图书


正题名:慢性肺心病的防治     索取号:R541.5/6         预约/预借

序号 登录号 条形码 馆藏地/架位号 状态 备注
1 2000138019   2000138019   旧书回溯/ [索取号:R541.5/6] 在馆    
2 2000138020   2000138020   旧书回溯/ [索取号:R541.5/6] 在馆    
3 2000138021   2000138021   旧书回溯/ [索取号:R541.5/6] 在馆    
4 2000138022   2000138022   旧书回溯/ [索取号:R541.5/6] 在馆    
5 2000138023   2000138023   旧书回溯/ [索取号:R541.5/6] 在馆    
山东省滨州职业学院图书馆 欢迎您!
大连网信软件有限公司© 版权所有